000
00341nam a22001577a 4500
003
SGT
020
_a
81-224-1250-5
082
_a
746,MIS
100
_a
MISHRA.SP.
245
_a
A TEXTBOOK OF FIBER SCIENCE & TECHNOLOGY
260
_a
INDIA
_b
WILEY
_c
2014
300
_a
363
650
_a
FIBER SCIENCE
653
_a
FIBER
942
_2
ddc
_c
BK
_0
4
999
_c
9921
_d
9921